000 00721cam a2200229 i 4500
999 _c128890
_d128890
001 3633044
003 ARRUPE
005 20190201092333.0
008 750117s1976 nyua b 001 0 eng
010 _a 75001410
020 _a0030801796 :
_c$10.95
040 _aDLC
_cDLC
_dDLC
050 0 0 _aCC165
_b.H45
082 0 0 _a930.1
100 1 _aHester, James J.
_944355
245 1 0 _aIntroduction to archaeology /
_cJames J. Hester.
260 _aNew York :
_bHolt, Rinehart and Winston,
_cc1976.
300 _axiii, 479 p. :
_bill. ;
_c24 cm.
504 _aIncludes bibliographies and indexes.
650 0 _aArchaeology.
_921550
906 _a7
_bcbc
_corignew
_d1
_eocip
_f19
_gy-gencatlg
942 _2lcc
_cMONOGRAPH